Größte berliner Stadien - Statistiken

Allgemein
  • Dieses Quiz wurde 7 mal gespielt
  • Das Durchschnittsergebnis liegt bei 4 aus 13
Antwortstatistiken
Kapazität Stadioname % Korrekt
Hertha BSC 74,000 Olympiastadion
100%
Union Berlin 22,000 Stadion an der alten Försterei
100%
Berliner AK 07 10,000 Poststadion
60%
TeBe Berlin 15,005 Mommsenstadion
40%
Viktoria Berlin 4,300 Stadion Lichterfelde
40%
SV Lichtenberg 47 9,900 HOWOGE-Arena /Hans-Zoschke-Stadion
20%
Hertha BSC II 5,400 Stadion auf dem Wurfplatz
20%
Hertha 03 Zehlendorf 4,800 Ernst-Reuter-Stadion
0%
SD Croatia Berlin 5,000 Friedrich-Ebert-Stadion
0%
BFC Preussen 5,000 Preussenstadion Malteserstraße
0%
BFC Dynamo 12,000 Sportforum Schönhausen
0%
TSV Mariendorf 1897 9,000 Volksparkstadion
0%
Türkiyemspor Berlin 5,000 Willy-Kressmann-Stadion
0%
Keine übereinstimmenden Quizze gefunden
Verteilung der Resultate
Anzahl Personen mit jedem Resultat
Perzentil nach korrekt beantworteten Fragen
Ihre Resultats-Entwicklung
Sie haben dieses Quiz noch nicht gespielt